Butlletí /
Descripción Física:
1 volum : il·lustracions ; 30 cm
Materias:
Escola Universitària d'Enginyeria Tècnica en Teixits de Punt (Canet de Mar) -- Revistes
; Gèneres de punt -- Investigació -- Revistes
; Revistes
Idioma:
Catalán , Español
MARC
| LEADER | 00000nas a2200000 a 4500 | ||
|---|---|---|---|
| 001 | 27766 | ||
| 003 | Arxiu | ||
| 005 | 20260324175629.0 | ||
| 008 | 160829d1986 spc r xx cat c | ||
| 040 | |a AGDB | ||
| 041 | |a cat |a spa | ||
| 245 | 0 | 0 | |a Butlletí / |c Escola Universitària d'Enginyeria Tècnica en Teixits de Punt. Servei d'Investigació i Assessorament Tècnic |
| 260 | |a Canet de Mar : |b Escola Universitària d'Enginyeria Tècnica en Teixits de Punt, |c 1986- | ||
| 300 | |a 1 volum : |b il·lustracions ; |c 30 cm | ||
| 362 | |a Núm. 1 (juny 1986)- | ||
| 590 | |a Semestral. | ||
| 590 | |a Extractes en català i castellà. | ||
| 590 | |a A la part superior de la portada: Diputació de Barcelona | ||
| 610 | 2 | 0 | |a Escola Universitària d'Enginyeria Tècnica en Teixits de Punt (Canet de Mar) |v Revistes |9 54349 |
| 650 | |a Gèneres de punt |x Investigació |x Revistes |9 35790 | ||
| 655 | 0 | |9 55823 |a Revistes | |
| 710 | 2 | |9 54348 |a Escola Universitària d'Enginyeria Tècnica en Teixits de Punt (Canet de Mar) |e entitat autora | |
| 866 | |a juny 1986 (1) | ||
| 901 | |a Arxiu | ||
| 942 | |n 1 |2 udc |c REV | ||
| 952 | |0 0 |1 0 |4 0 |6 REV2092 |7 1 |9 47072 |a Arxiu |b Arxiu |d 2016-12-01 |h Núm. 1 (juny 1986) |o Rev-2092 |p 27766 |r 2016-12-01 00:00:00 |w 2016-12-01 |y ARXIU | ||
| 999 | |c 50866 |d 50866 | ||